[Event "Challenge"]
[Site "http://www.queenalice.com/game.php?id=279007"]
[Date "2007.9.29"]
[Round "-"]
[White "lilars"]
[Black "Sombras"]
[Result "0-1"]
[WhiteElo "1089"]
[BlackElo "1875"]

1. d4 Nf6 2. c4 g6 3. Nc3 d5 4. Nf3 Bg7 5. cxd5 Nxd5 6. e4 Nxc3 7. bxc3 O-O 8.
Be2 c5 9. Be3 cxd4 10. Nxd4 e5 11. Nf3 Qxd1+ 12. Rxd1 Nc6 13. O-O Be6 14. c4 Na5
15. Rc1 Rfc8 16. Nd2 b6 0-1

[Event "AUTO-OPEN-848"]
[Site "http://www.queenalice.com/game.php?id=279090"]
[Date "2007.9.30"]
[Round "1"]
[White "Sombras"]
[Black "Endy"]
[Result "1-0"]
[WhiteElo "1882"]
[BlackElo "1629"]

1. d4 d5 2. Nf3 h6 3. c4 c6 4. Nc3 dxc4 5. a4 Qa5 6. Bd2 e6 7. e4 Bb4 8. Bxc4
Nf6 9. e5 Nfd7 10. Ne4 Nb6 11. Nd6+ Kd7 12. Nxf7 Bxd2+ 13. Qxd2 Nxc4 14. Qxa5
Nxa5 15. Nxh8 Na6 16. O-O Nc4 17. b3 Nb2 18. Ng6 Nb4 19. Ne1 a5 20. Rb1 1-0

[Event "AUTO-OPEN-848"]
[Site "http://www.queenalice.com/game.php?id=279091"]
[Date "2007.9.30"]
[Round "1"]
[White "Endy"]
[Black "Sombras"]
[Result "0-1"]
[WhiteElo "1757"]
[BlackElo "1928"]

1. d4 Nf6 2. h3 e6 3. a3 c5 4. e3 d5 5. Nf3 Nc6 6. Bb5 Bd7 7. Nc3 Bd6 8. Qd3 Qc7
9. Bxc6 bxc6 10. Ne2 cxd4 11. Nfxd4 c5 12. Nf3 Rb8 13. Qc3 O-O 14. Nh4 Be5 15.
Qd2 Bxb2 16. Bxb2 Rxb2 17. O-O Ne4 18. Qc1 Rfb8 19. Nf4 g5 20. Nd3 R2b7 21. Nf3
Bb5 22. Nfe5 c4 23. a4 Ba6 24. Nxf7 Kxf7 25. Ne1 c3 26. Nd3 Bxd3 27. cxd3 Nd2
28. Rd1 Nb3 29. Qc2 Nxa1 30. Rxa1 Kg7 31. d4 Rb2 32. Qd3 c2 0-1

[Event "AUTO-OPEN-848"]
[Site "http://www.queenalice.com/game.php?id=279094"]
[Date "2007.9.30"]
[Round "1"]
[White "Sombras"]
[Black "anax"]
[Result "1-0"]
[WhiteElo "1685"]
[BlackElo "1856"]

1. d4 d5 2. c4 c6 3. Nc3 e6 4. e4 Nf6 5. e5 Nfd7 6. Nf3 h6 7. cxd5 cxd5 8. Bd3
Be7 9. O-O a6 10. Be3 f6 11. Bg6+ Kf8 12. exf6 Bxf6 13. Bf4 Nc6 14. Re1 Nb6 15.
Ne5 Nxe5 16. dxe5 Bg5 17. Bxg5 Qxg5 18. Qf3+ Ke7 19. Qf7+ 1-0

[Event "AUTO-OPEN-848"]
[Site "http://www.queenalice.com/game.php?id=279095"]
[Date "2007.9.30"]
[Round "1"]
[White "anax"]
[Black "Sombras"]
[Result "1/2-1/2"]
[WhiteElo "1702"]
[BlackElo "1944"]

1. e4 e5 2. d3 Bc5 3. Nf3 d6 4. a3 a5 5. Nc3 Nc6 6. Bd2 Nf6 7. h3 h6 8. Qe2 Nd4
9. Nxd4 Bxd4 10. O-O-O c6 11. Qe1 Be6 12. f4 exf4 13. Bxf4 Nh5 14. Bd2 Qf6 15.
Be2 Bf2 16. Qf1 Ng3 17. e5 dxe5 18. Ne4 Nxf1 19. Nxf6+ gxf6 20. Rhxf1 Bh4 21.
Rh1 Bd5 22. Bf3 Bxf3 23. gxf3 O-O-O 24. Bxa5 Rdg8 25. Bc3 Bf2 26. Kb1 Rg3 27. f4
exf4 28. Bxf6 Re8 29. Bh4 Rg2 30. Bxf2 Rxf2 31. Rdf1 Ree2 32. Rxf2 Rxf2 33. b3
f5 34. Kb2 Kd7 35. Kc3 c5 36. b4 Kc6 37. Kb3 f3 38. c3 Re2 39. Rf1 f2 40. Kc4
b5+ 41. Kb3 cxb4 42. axb4 Re3 43. Rxf2 Rxd3 44. Rxf5 Rxh3 45. Rf6+ Kb7 46. Rf7+
Kb6 47. Rf6+ Kb7 1/2-1/2

[Event "Challenge"]
[Site "http://www.queenalice.com/game.php?id=298181"]
[Date "2007.11.4"]
[Round "-"]
[White "Sombras"]
[Black "chuckvondra"]
[Result "1/2-1/2"]
[WhiteElo "1904"]
[BlackElo "1983"]

1. d4 d5 2. c4 c6 3. Nc3 Nf6 4. Bg5 Nbd7 5. cxd5 cxd5 6. e3 e6 7. Nf3 Be7 8. Bd3
a6 9. O-O b5 10. Ne5 Bb7 11. Rc1 O-O 12. a3 Re8 13. Qf3 Nxe5 14. dxe5 Nd7 15.
Bxe7 Qxe7 16. Qg3 Nb6 17. Ne2 Nc4 18. Rc2 f6 19. exf6 Qxf6 20. Nd4 Ne5 21. Be2
Rac8 22. Rfc1 Rxc2 23. Rxc2 Nc4 24. Qc7 Qf7 25. Qg3 Rf8 26. Bd3 Qf6 27. Qh3 g6
28. Qxe6+ Qxe6 29. Nxe6 Re8 30. Nd4 Kg7 31. Kf1 Kf7 32. Ke2 Ke7 33. Bxc4 dxc4
34. f3 Kf6 35. e4 Bxe4 36. Rd2 Bb7+ 37. Kf2 h5 38. h4 g5 39. hxg5+ Kxg5 40. g3
h4 41. gxh4+ Kxh4 42. Nf5+ Kg5 43. Nd6 Re7 44. Nxb7 Rxb7 45. Rd4 Rf7 46. Ke3
Re7+ 47. Re4 Rd7 48. Rd4 Re7+ 1/2-1/2

[Event "Juegas?"]
[Site "http://www.queenalice.com/game.php?id=314839"]
[Date "2007.12.4"]
[Round "-"]
[White "Cuti"]
[Black "Sombras"]
[Result "1-0"]
[WhiteElo "1949"]
[BlackElo "1921"]

1. d4 d5 2. c4 c6 3. c5 e5 4. e3 e4 5. Qa4 Nf6 6. Bd2 Be7 7. Ba5 Qd7 8. Nc3 O-O
9. Nge2 Qf5 10. Ng3 Qg6 11. h3 Be6 12. Nce2 Nbd7 13. Nf4 Qh6 14. Be2 b6 15. Nxe6
fxe6 16. Qxc6 bxa5 17. Qxe6+ Kh8 18. Qxe7 Rab8 19. Rb1 a4 20. c6 Rfe8 21. Qd6
Nb6 22. c7 Rbc8 23. Ba6 Nc4 24. Qc5 Nxe3 25. Bxc8 Rxc8 26. fxe3 Qxe3+ 27. Ne2
1-0

[Event "Challenge"]
[Site "http://www.queenalice.com/game.php?id=328587"]
[Date "2007.12.31"]
[Round "-"]
[White "Mateuzao_99"]
[Black "Sombras"]
[Result "0-1"]
[WhiteElo "1513"]
[BlackElo "1944"]

1. e4 e5 2. Nf3 Nc6 3. Bb5 a6 4. Bxc6 dxc6 5. Nxe5 Qd4 6. Nf3 Qxe4+ 7. Qe2 Qxe2+
8. Kxe2 Bf5 9. d3 O-O-O 10. Rd1 f6 11. Nc3 Ne7 12. h3 h5 13. Be3 Nd5 14. Nxd5
cxd5 15. Rg1 h4 16. Rgd1 Bd6 17. Rf1 Rde8 18. Kd2 c5 19. d4 c4 20. c3 g5 21.
Rae1 Be4 22. a3 Re7 23. b4 cxb3 24. a4 b2 0-1

[Event "AUTO-ADV-776"]
[Site "http://www.queenalice.com/game.php?id=340179"]
[Date "2008.1.21"]
[Round "1"]
[White "Paulsains"]
[Black "Sombras"]
[Result "0-1"]
[WhiteElo "1851"]
[BlackElo "1901"]

1. e4 e5 2. Nf3 Nc6 3. Bc4 Nf6 4. Ng5 d5 5. exd5 Nd4 6. d6 Qxd6 7. Bxf7+ Ke7 8.
Bc4 Qc6 9. d3 Qxg2 10. Rf1 h6 11. Nf7 Nf3+ 12. Ke2 Bg4 13. Ke3 Nxh2 14. Rg1 Qh3+
15. f3 Nxf3 16. Rh1 Qg3 0-1

[Event "AUTO-ADV-776"]
[Site "http://www.queenalice.com/game.php?id=340180"]
[Date "2008.1.21"]
[Round "1"]
[White "Sombras"]
[Black "From77fr"]
[Result "0-1"]
[WhiteElo "1882"]
[BlackElo "1942"]

1. d4 d5 2. c4 e6 3. Nc3 c6 4. e4 dxe4 5. Nxe4 Nf6 6. Nxf6+ Qxf6 7. Nf3 Bd6 8.
Bd3 h6 9. Bd2 Nd7 10. Bc3 Qe7 11. O-O O-O 12. Qe2 c5 13. Rfe1 cxd4 14. Bxd4 Nf6
15. Ne5 Rd8 16. Bc3 Bd7 17. Rad1 Rac8 18. b3 Bc6 19. Ng4 Nxg4 20. Qxg4 Qg5 21.
Qxg5 hxg5 22. h3 Be7 23. Rd2 Rd7 24. Red1 Kf8 25. Kf1 Rcd8 26. Bc2 Rxd2 27. Rxd2
Rxd2 28. Bxd2 f5 29. Bc3 Bf6 30. Bxf6 gxf6 31. f3 Ke7 32. Ke2 f4 33. Be4 f5 34.
Bxc6 bxc6 35. b4 e5 36. a4 e4 37. a5 Kd6 0-1

[Event "AUTO-ADV-776"]
[Site "http://www.queenalice.com/game.php?id=340181"]
[Date "2008.1.21"]
[Round "1"]
[White "From77fr"]
[Black "Sombras"]
[Result "1-0"]
[WhiteElo "2031"]
[BlackElo "1935"]

1. e4 e5 2. f4 exf4 3. Nf3 g5 4. Bc4 g4 5. O-O gxf3 6. Qxf3 Qf6 7. c3 Bh6 8. d4
d6 9. Na3 Ne7 10. Nb5 Na6 11. Bd2 O-O 12. Rae1 Ng6 13. g3 Be6 14. Bd3 Bh3 15.
Rf2 Qe6 16. gxf4 Qg4+ 17. Qxg4 Bxg4 18. Rg2 Bh5 19. Rf1 Kh8 20. Rg3 Bxf4 21.
Bxf4 Nxf4 22. Rxf4 Rae8 23. Nxa7 Bg6 24. Nb5 Re6 25. b4 Rfe8 26. Rgg4 R8e7 27.
d5 Re5 28. Nd4 Nb8 29. a4 1-0

[Event "AUTO-ADV-776"]
[Site "http://www.queenalice.com/game.php?id=340182"]
[Date "2008.1.21"]
[Round "1"]
[White "Sombras"]
[Black "FrankC"]
[Result "0-1"]
[WhiteElo "1907"]
[BlackElo "1891"]

1. d4 d5 2. c4 dxc4 3. e4 Nf6 4. e5 Be6 5. exf6 exf6 6. Qa4+ Nc6 7. Nf3 Bf5 8.
Bxc4 Bb4+ 9. Nc3 Qe7+ 10. Be3 O-O 11. O-O Bd6 12. Rfe1 Qd7 13. d5 Nb4 14. Qxd7
Bxd7 15. Rac1 Bf5 16. Nd4 Bd3 17. Bb3 Bg6 18. Bc2 Bxc2 19. Nxc2 Nd3 20. Red1
Nxc1 21. Rxc1 a6 22. Nd4 Rad8 23. Nf5 Rfe8 24. Nxd6 Rxd6 25. g3 Rc8 26. Kg2 f5
27. Kf3 b5 28. a3 h6 29. h4 Kh7 30. Bf4 Rd7 31. Re1 f6 32. Re6 g5 33. Be3 Rd6
34. Re7+ Kg6 35. Bc5 Rdd8 36. Re6 Kf7 37. Rxa6 Rd7 38. Bd4 Rd6 39. Rxd6 cxd6 40.
Nxb5 Ke7 41. hxg5 fxg5 42. a4 Rc4 0-1

[Event "AUTO-ADV-776"]
[Site "http://www.queenalice.com/game.php?id=340183"]
[Date "2008.1.21"]
[Round "1"]
[White "FrankC"]
[Black "Sombras"]
[Result "0-1"]
[WhiteElo "1825"]
[BlackElo "1921"]

1. e4 e5 2. Bc4 Nf6 3. d3 Nc6 4. Nf3 Be7 5. Ng5 O-O 6. Bxf7+ Rxf7 7. Nxf7 Kxf7
8. f4 exf4 9. Bxf4 d6 10. h3 Kg8 11. g4 g6 12. c3 Be6 13. d4 d5 14. e5 Ne4 15.
O-O Qd7 16. Nd2 Ng5 17. Kg2 h5 18. Kg3 Nxh3 19. gxh5 Nxf4 20. Rxf4 Bg5 21. Rf2
Kg7 22. Rh2 Rf8 23. hxg6 Bf4+ 24. Kg2 Bxh2 25. Kxh2 Qe7 26. Nf3 Bg4 27. Qg1 Bxf3
28. Kg3 Qg5+ 29. Kf2 Bh5+ 0-1

[Event "anax"]
[Site "http://www.queenalice.com/game.php?id=358744"]
[Date "2008.2.22"]
[Round "2"]
[White "Sombras"]
[Black "Melhordeupanema"]
[Result "1-0"]
[WhiteElo "1931"]
[BlackElo "1619"]

1. d4 b6 2. c4 e6 3. Nc3 Bb4 4. Qb3 Nc6 5. Nf3 Qf6 6. e3 Bb7 7. Be2 h5 8. Bd2
Bxc3 9. Bxc3 O-O-O 10. d5 Qg6 11. dxc6 Bxc6 12. c5 d6 13. cxb6 1-0

[Event "AUTO-OPEN-848"]
[Site "http://www.queenalice.com/game.php?id=393623"]
[Date "2008.4.26"]
[Round "2"]
[White "Sombras"]
[Black "Cuti"]
[Result "0-1"]
[WhiteElo "1855"]
[BlackElo "1921"]

1. e4 e5 2. Nf3 d6 3. d4 exd4 4. Nxd4 d5 5. exd5 Qxd5 6. Nc3 Qe5+ 7. Be2 c5 8.
Nf3 Qf5 9. Nb5 Na6 10. O-O Qd7 11. Bf4 Qxd1 12. Raxd1 Be6 13. Ng5 Bxa2 14. b3 h6
15. Ne4 g5 16. Be5 Rh7 17. Bd3 f5 18. Nec3 Bxb3 19. cxb3 Bg7 20. Bxf5 Bxe5 21.
Bxh7 Ne7 22. Rfe1 Bxc3 23. Nxc3 Kf8 24. Rd7 Re8 25. Rxb7 Nc6 26. Rxe8+ Kxe8 27.
Nb5 Nab4 28. Nxa7 Na5 29. Rc7 Nxb3 30. Nc6 Nxc6 31. Rxc6 Kf7 32. Bc2 Nd4 33.
Rxc5 Nxc2 34. Rxc2 Kg7 35. Rc6 h5 0-1

[Event "AUTO-OPEN-848"]
[Site "http://www.queenalice.com/game.php?id=393624"]
[Date "2008.4.26"]
[Round "2"]
[White "Cuti"]
[Black "Sombras"]
[Result "1-0"]
[WhiteElo "1935"]
[BlackElo "1868"]

1. d4 Nf6 2. Nc3 d5 3. Nf3 g6 4. e3 Bg7 5. Bd3 b6 6. O-O Bb7 7. b3 Nbd7 8. Ba3
O-O 9. b4 Re8 10. h3 Ne4 11. Ne2 c5 12. bxc5 bxc5 13. Rb1 Qc7 14. dxc5 Ndxc5 15.
Nfd4 a6 16. f3 Nxd3 17. cxd3 Nf6 18. f4 e6 19. Qb3 Rab8 20. Rfc1 Qd7 21. Qb6
Rec8 22. Rxc8+ Qxc8 23. Bd6 Nd7 24. Qa7 Ra8 25. Qxb7 1-0

[Event "AUTO-OPEN-848"]
[Site "http://www.queenalice.com/game.php?id=393626"]
[Date "2008.4.26"]
[Round "2"]
[White "Caisso"]
[Black "Sombras"]
[Result "1-0"]
[WhiteElo "2198"]
[BlackElo "1938"]

1. e4 e5 2. Nf3 Nc6 3. Bb5 a6 4. Ba4 Nf6 5. O-O Nxe4 6. Bxc6 dxc6 7. Re1 Nc5 8.
Nxe5 Be7 9. Qe2 Ne6 10. c3 O-O 11. d4 1-0

[Event "anax"]
[Site "http://www.queenalice.com/game.php?id=423354"]
[Date "2008.6.26"]
[Round "3"]
[White "MHAC"]
[Black "Sombras"]
[Result "0-1"]
[WhiteElo "1316"]
[BlackElo "1907"]

1. e4 e5 2. Nf3 Nc6 3. d4 exd4 4. Nxd4 Nf6 5. Nxc6 bxc6 6. Nc3 Bb4 7. e5 Qe7 8.
f4 d6 9. Qe2 Nd5 10. Bd2 Nxc3 11. Bxc3 dxe5 12. fxe5 Bxc3+ 13. bxc3 O-O 14. Qe4
Re8 15. Qxc6 Qxe5+ 16. Kd1 Qe1# 0-1